00815nam a22002417a 4500001000500000005001700005020001800022040002900040050001500069082001000084100002100094245008100115250003900196260003400235300004900269505000700318520016100325521001700486521001700503650001000520650001400530700002900544228420231115104205.0 a9780439598415 aFISKHbengcFISKHdFISKH aTX652.F699 a152.4 aFreymann, Saxton aHow are you peeling?:bFoods with moods /cSAXTON FREYMANN AND JOOST ELFFERS aFirst Bookshelf edition, June 2004 aNew York :bScholastic,c1999 a39 unnumbered pages :billustrationsc25 cm aF  aBrief text and photographs of carvings made from vegetables introduce the world of emotions by presenting leading questions such as "Are you feeling angry?" a370 bLexile aF bRaz-Plus aFruit aVegetable aElffers, JoosteCoauthor